| 000 | 00689nam a2200205Ii 4500 | ||
|---|---|---|---|
| 003 | JO-AjNU | ||
| 008 | 230605s9999||||xx |||||||||||||| ||und|| | ||
| 040 |
_aJO-AjNU _bara _erda _cJO-AjNU |
||
| 041 | _aara | ||
| 050 | 1 | 4 | _aDT551.27.S2888 1986 |
| 100 | 3 |
_aتحقيق واعداد سوالمية، محمد عبد الرحمن, _eauthor _918846 |
|
| 245 | 0 | 0 | _aتمبكتو: جوهرة تغمرها الرمال |
| 250 | _aط1 | ||
| 264 | 3 | 1 | _aبيروت: د.ن، 1986 |
| 300 | _a96ص | ||
| 336 |
_atext _btxt _2rdacontent |
||
| 337 |
_aunmediated _bn _2rdamedia |
||
| 338 |
_avolume _bnc _2rdacarrier |
||
| 650 | 4 |
_aمالي -وصف رحلات، مالي -علاقات خارجية _918847 |
|
| 999 |
_aA6104 _c9672 _d9672 |
||